000 00331nam a2200133Ia 4500
008 231129s1971||||xx |||||||||||||| ||spa||
040 _bspa
082 _a813 W753h
100 _aWilson Sloan
245 0 _aEl hombre del traje gris
260 _c1971
264 _aBarcelona España : Cí­rculo de Lectores
942 _2ddc
_cBKS
999 _c11260
_d11260